IMDb Greatest Actors of the 21st Century - Statistics

General Stats
  • This quiz has been taken 276 times
  • The average score is 11 of 25
Answer Stats
MOVIE Answer % Correct
Body of Lies Leonardo DiCaprio
83%
The Mexican Brad Pitt
79%
Rounders Matt Damon
71%
The Ladykillers Tom Hanks
65%
Antwone Fisher Denzel Washington
59%
Secret Window Johnny Depp
59%
Leatherheads George Clooney
57%
Along Came a Spider Morgan Freeman
56%
Rescue Dawn Christian Bale
50%
The Brothers Grimm Heath Ledger
48%
Due Date Robert Downey Jr.
48%
The A Team Liam Neeson
43%
The Quick and the Dead Russell Crowe
42%
The Crucible Daniel Day Lewis
41%
Six Degrees of Seperation Will Smith
41%
Ladder 49 Joaquin Phoenix
39%
Casualties of War Sean Penn
39%
The Number 23 Jim Carrey
36%
Jarhead Jamie Foxx
32%
Before the Devil Knows Your Dead Philip Seymour Hoffman
32%
Water for Elephants Christoph Waltz
28%
Pride and Glory Edward Norton
28%
The Rite Anthony Hopkins
25%
Repo Men Forest Whitaker
21%
The Guard Don Cheadle
20%
No matching quizzes found
Score Distribution
Percent of People with Each Score
Percentile by Number Answered
Your Score History
You have not taken this quiz